Statistics for Most Dangerous Cities in the World

Click here to take the quiz!

General Stats

  • This quiz has been taken 64 times
  • The average score is 10 of 29

Answer Stats

#HintCity% Correct
74.6VenezuelaCaracas
91%
68.2South AfricaCape Town
85%
57.5JamaicaKingston
81%
134.2MexicoTijuana
72%
44.9GuatemalaGuatemala City
65%
45.2ColombiaCali
57%
104.5MexicoCiudad Juarez
52%
42.9HondurasTegucigalpa
52%
64.5United StatesSt. Louis
48%
45.4MexicoCancún
46%
47.4BrazilSalvador
46%
58.7United StatesBaltimore
44%
55.2HondurasSan Pedro Sula
37%
71.6MexicoAcapulco
35%
45.8South AfricaPort Elizabeth
24%
48.3BrazilNatal
22%
57.8VenezuelaCiudad Guayana
15%
49.8MexicoCelaya
11%
49.4MexicoCuliacán
11%
60.0BrazilVitória da Conquista
11%
80.7MexicoIrapuato
9%
80.5MexicoObregón
9%
43.4VenezuelaBarquisimeto
7%
85.5MexicoUruapan
7%
51.0VenezuelaCiudad Bolivar
6%
50.9MexicoCuernavaca
6%
52.1MexicoEnsenada
6%
56.6BrazilFeira de Santana
4%
44.3BrazilRio Branco
0%

Score Distribution

Percentile by Number Answered

Percent of People with Each Score

Your Score History

You have not taken this quiz